| 000 | 00923nas a2200301 4500 | ||
|---|---|---|---|
| 001 | BR2012007180 | ||
| 003 | BR-BrBNA | ||
| 005 | 20231205121216.0 | ||
| 007 | ta | ||
| 008 | 230509b bl.|||p| |||| 00| 00por d | ||
| 040 |
_aBR-BrBNA _bpor _cBiblioteca Nacional de Agricultura |
||
| 041 | _a(Pt) | ||
| 072 | _aM12 | ||
| 100 | 1 | _aDias, M.T. | |
| 100 | 1 | _aMarcon, J.L. | |
| 100 | 1 | _aLemos, J.R.G. | |
| 100 | 1 | _aFim, J.D.I. | |
| 100 | 1 | _aAffonso, E.G. | |
| 100 | 1 | _aOno, E.A. | |
| 245 | 1 | _aÍndices de condição corporal em juvenis de Brycon amazonicus (SPIX AGASSIZ, 1829)e Colossomoma macropomum (CUVIER, 1818)na Amazônia | |
| 650 | _aTAMBAQUI | ||
| 650 | _aCOLOSSOMA MACROPOMUM | ||
| 650 | _aPESO | ||
| 650 | _aMASSA | ||
| 773 | 0 |
_tBoletim do Instituto de Pesca (Brazil) _xISSN 0046-9939 _g(2008), v. 34(2) p. 197-204 _wBR2012007180 |
|
| 909 |
_a202311 _bLúcia _c55 _dLúcia Elande |
||
| 942 |
_2AGRIS _n0 _cANA |
||
| 999 |
_c222337 _d222337 |
||